000 00652nam a22001937a 4500
005 20170811112027.0
008 170811b xxu||||| |||| 00| 0 eng d
020 _a9788184823509
_c150.00
035 _aB-664768
037 _adpl
_bStar/ven
040 _adpl
_bEN
082 _aS
245 _aArchitects of modern India /
_cedited by Anand Pai
260 _aMumbai
_bAmar Chitra Katha
_c2013
300 _aVarious pagings
_c26cm(pbk)
700 _aPai, Anant
942 _2ddc
_cCH
_hS
_mARC
999 _c143261
_d143261